LEADER 01043nam a2200253 i 4500 001 000000152518 003 CaOOAMICUS 005 20060816000000.0 008 060816s1923 it u000 u ita u 013 $a129859 040 $aSeMil$bita 100 1 $aAbba, Giuseppe Cesare,$d<1838-1910>.$0(OLS)http://semarc/name/14380 245 10$aDa Quarto al Faro :$bNoterelle d'uno dei mille /$cGiuseppe Cesare Abba. 250 $a1. ed. 260 $aMilano :$bImperia,$c1923. 300 $a296 p. :$b[1] ritr. ;$c15 cm. 490 0 $aFiore di ogni letteratura ;$v1 600 14$aAbba, Giuseppe Cesare <1838-1910>.$0(OLS)http://semarc/subject/29785 830 0$aFiore di ogni letteratura ;$v1.$0(OLS)http://semarc/title/21382 850 $aSeMil 852 $aSeMil$W1$xVenegono$y1$m1D I 131$j104472$B104472$CSeMilBibl$Z2$F114143 $81 961 $aLascito: Gogna prof.ssa Silvia 996 $6245$aDa Quarto al Faro :$bNoterelle d'uno dei mille$9(OLS)http://semarc/title/222990 996 $6260$aMilano :$bImperia$9(OLS)http://semarc/publisher/34341 LEADER 01135nam a2200229 i 4500 001 000000122790 003 CaOOAMICUS 005 20251210145019.0 008 040210s1961 gw u000 u ger u 040 $aSeMil$bita 245 00$aVerzeichnis der Schriftgelehrten Geographisches Register /$cherausgegeben von Joachim Jeremias ; in Verbindung mit Kurt Adolph. 260 $aMünchen :$bBeck,$c1961. 300 $a198 p., [3] c. di tav. ripieg. :$ac. geogr. 650 4$aBibbia - Indici.$0(OLS)http://semarc/subject/54722 700 1 $aAdolph, Kurt.$0(OLS)http://semarc/name/51033 700 1 $aJeremias, Joachim,$d<1900-1979>.$0(OLS)http://semarc/name/1983 773 0 $aStrack, Hermann Leberecht <1848-1922>$tKommentar zum Neuen Testament aus Talmud und Midrasch.$dMünchen : C. H. Beck, 1922-$g6$w()10976 850 $aSeMil 852 $aSeMil$W1$xVenegono$y1$m2VV III 11$j269641$B77686$CSeMilBibl$Z2$F79741 $81 996 $6245$aVerzeichnis der Schriftgelehrten Geographisches Register$9(OLS)http://semarc/title/180789 996 $6260$aMünchen :$bBeck$9(OLS)http://semarc/publisher/31795